Opera.

Bibliographic Details
New Title:Opera news
Opera with Opera news
Uniform Title:Opera (London, England)
Other Authors: Harewood, George Henry Hubert Lascelles, Earl of, 1923-2011
Format: Journal
Language:English
Published: London : Ballet Publications Ltd., 1950-2023
London : Rolls House Publ. Co. Ltd.
London : Opera Magazine Ltd.
Subjects:
Online Availability: Check for online availability

MARC

Tag First Indicator Second Indicator Subfields
LEADER 00000cas a2200000 i 4500
001 in00000075961
005 20240213163605.0
008 761122d19502023enkmr p 0 a0eng
010 |a  55036490  
012 |a 3  |k 1  |m 1 
016 |a (AMICUS)000000523010 
016 |a 007183375 
016 7 |a 007183375  |2 Uk 
019 |a 1761316  |a 4163817  |a 5690144  |a 7712412  |a 25908947  |a 615547200  |a 630061223  |a 630545904  |a 643573546  |a 660071154  |a 671953966  |a 685098153  |a 695662263  |a 698336903  |a 701029528  |a 706946058  |a 711955220  |a 728840289  |a 738375018  |a 746605728  |a 754455552  |a 769002327  |a 813635490  |a 826438086  |a 846926712  |a 889979766  |a 921014008  |a 934832064  |a 1009019812  |a 1027224317  |a 1031697690  |a 1031812858  |a 1054288978  |a 1064991707  |a 1087243097  |a 1115083123  |a 1179158422  |a 1180865500  |a 1202993728  |a 1230937925  |a 1231180959  |a 1313683725  |a 1390184023  |a 1394590967 
022 |a 0030-3526  |l 0030-3526  |z 0078-5229  |2 2 
029 1 |a AU@  |b 000000931931 
029 1 |a AU@  |b 000044759935 
029 1 |a NLC  |b 000000523010 
029 1 |a NLNZL  |b 9915337843502836 
029 1 |a NZ1  |b 13993362 
029 1 |a NZ1  |b 1533784 
029 1 |a NZ1  |b 4770686 
029 1 |a UKMGB  |b 007183375 
029 1 |a ZWZ  |b 038765764 
029 1 |a AU@  |b 000025343306 
032 |a 409400  |b USPS 
035 |a (OCoLC)ocm02574662  
035 |a (OCoLC)2574662  |z (OCoLC)1761316  |z (OCoLC)4163817  |z (OCoLC)5690144  |z (OCoLC)7712412  |z (OCoLC)25908947  |z (OCoLC)615547200  |z (OCoLC)630061223  |z (OCoLC)630545904  |z (OCoLC)643573546  |z (OCoLC)660071154  |z (OCoLC)671953966  |z (OCoLC)685098153  |z (OCoLC)695662263  |z (OCoLC)698336903  |z (OCoLC)701029528  |z (OCoLC)706946058  |z (OCoLC)711955220  |z (OCoLC)728840289  |z (OCoLC)738375018  |z (OCoLC)746605728  |z (OCoLC)754455552  |z (OCoLC)769002327  |z (OCoLC)813635490  |z (OCoLC)826438086  |z (OCoLC)846926712  |z (OCoLC)889979766  |z (OCoLC)921014008  |z (OCoLC)934832064  |z (OCoLC)1009019812  |z (OCoLC)1027224317  |z (OCoLC)1031697690  |z (OCoLC)1031812858  |z (OCoLC)1054288978  |z (OCoLC)1064991707  |z (OCoLC)1087243097  |z (OCoLC)1115083123  |z (OCoLC)1179158422  |z (OCoLC)1180865500  |z (OCoLC)1202993728  |z (OCoLC)1230937925  |z (OCoLC)1231180959  |z (OCoLC)1313683725  |z (OCoLC)1390184023  |z (OCoLC)1394590967 
035 |a (OCoLC)ocm02574662  
040 |a DLC  |b eng  |e rda  |c IWU  |d OCL  |d COO  |d NYG  |d DLC  |d OCL  |d AIP  |d DLC  |d NST  |d NSD  |d DLC  |d OCL  |d NST  |d SYS  |d OCLCQ  |d WAU  |d OCL  |d WAU  |d NLGGC  |d LVB  |d OCLCQ  |d DLC  |d UKMGB  |d DLC  |d ZCU  |d UMC  |d OCLCF  |d DLC  |d COD  |d HUL  |d QE2  |d OCLCQ  |d EUM  |d LVT  |d OCLCQ  |d NLC  |d CSJ  |d OCLCQ  |d OCLCA  |d CPO  |d CDS  |d AVA  |d OCLCQ  |d CNO  |d OCLCQ  |d ZAS  |d OCLCQ  |d IUL  |d INU  |d OCLCO  |d PUL  |d CNTBC  |d I8H  |d IL4J6  |d UV0  |d KIJ  |d UEJ  |d ERL  |d GK8  |d NDD  |d IUL  |d FUG  |d OCLCQ 
042 |a pcc  |a nsdp 
050 0 0 |a ML5  |b .O66 
082 0 4 |a 782.1/05 
130 0 |a Opera (London, England) 
210 0 |a Opera  |b (Lond.) 
222 0 |a Opera  |b (London) 
245 1 0 |a Opera. 
264 1 |3 Feb. 1950- :  |a London :  |b Ballet Publications Ltd.,  |c 1950-2023 
264 2 1 |3 <1967-> :  |a London :  |b Rolls House Publ. Co. Ltd. 
264 3 1 |3 <2012>-2023:  |a London :  |b Opera Magazine Ltd. 
300 |a 74 volumes :  |b illustrations, portraits ;  |c 23 cm 
310 |a Monthly,  |b Aug. 1950- 
321 |a Bimonthly,  |b Feb.-June 1950 
336 |a text  |b txt  |2 rdacontent 
337 |a unmediated  |b n  |2 rdamedia 
338 |a volume  |b nc  |2 rdacarrier 
362 1 |a Began with vol. 1, no. 1 (Feb. 1950); ceased with volume 74, number 11 (November 2023). 
500 |a Founded by the Earl of Harewood. 
500 |a Includes annual special issue: Special festival number, <1961>-1962 (cover title: Opera. Summer festivals); Annual festival issue, 1963-1972; Festival issue, 1973-1988; Annual festival issue, 1989-2012 (cover title: Opera. Festivals, 1995-2012). 
500 |a Some issues accompanied by sound discs (digital ; 4 3/4 in.). 
530 |a Has special issues. 
580 |a Merged with: Opera news to form: Opera with Opera news. 
588 0 |a Vol. 1, no. 1 (Feb. 1950); title from cover. 
588 1 |a Volume 74, number 11 (November 2023) (surrogate). 
650 0 |a Opera  |v Periodicals. 
650 6 |a Opéra  |v Périodiques. 
650 7 |a Opera.  |2 fast  |0 (OCoLC)fst01046145 
650 1 7 |a Opera's.  |2 gtt 
650 7 |a Music  |v Periodicals.  |2 nli 
650 7 |a Opera  |v Periodicals.  |2 nli 
650 7 |a Operas  |v Periodicals.  |2 nli 
655 7 |a periodicals.  |2 aat 
655 7 |a Periodicals.  |2 fast  |0 (OCoLC)fst01411641 
655 7 |a Periodicals.  |2 lcgft  |0 http://id.loc.gov/authorities/genreForms/gf2014026139  |0 (uri) http://id.loc.gov/authorities/genreForms/gf2014026139 
700 1 |a Harewood, George Henry Hubert Lascelles,  |c Earl of,  |d 1923-2011. 
740 0 2 |a Opera.  |p Special festival number. 
740 0 2 |a Opera.  |p Summer festivals. 
740 0 2 |a Opera.  |p Annual festival issue. 
740 0 2 |a Opera.  |p Festival issue. 
740 0 2 |a Opera.  |p Festivals. 
776 0 8 |i Online version:  |t Opera (London, England)  |x 2059-6707  |w (DLC) 2024238906  |w (OCoLC)563979871 
785 1 7 |t Opera news  |x 0030-3607  |w (DLC) 88662974  |w (OCoLC)1590631 
785 1 7 |t Opera with Opera news  |w (DLC) 2024238905  |w (OCoLC)1409224567 
850 |a CU-Riv  |a DLC  |a DeU  |a MoSU  |a NcD 
891 3 3 |9 853  |8 1  |a v.  |b no.  |u 12  |v r  |i (year)  |j (month)  |w m  |x 01 
891 4 0 |9 863  |8 1  |a <1>-  |i <1950>-  |x provisional 
891 2 0 |9 853  |8 2  |a v.  |b no.  |u 12  |v r  |i (year)  |j (month)  |w m  |x 01 
891 4 1 |9 863  |8 2.1  |a <59>  |b <1>  |i <2008>  |j <01> 
936 |a AACR2=UMC 
948 |h HELD BY TXA - 464 OTHER HOLDINGS 
994 |a Z0  |b TXA 
999 f f |s 419d5c86-d0e9-3329-8816-841cc52df9e0  |i e5633bf2-ac40-3558-b100-698152685b7a  |t 0 
952 f f |p ric  |a Texas A&M University  |b Rellis Campus  |c Joint Library Facility  |d Remote Storage  |t 0  |e ML5 .O66  |h Library of Congress classification  |i unmediated -- volume  |k v.22:no.7-12  |l 1971  |m A14821032213 
952 f f |p ric  |a Texas A&M University  |b Rellis Campus  |c Joint Library Facility  |d Remote Storage  |t 0  |e ML5 .O66  |h Library of Congress classification  |i unmediated -- volume  |k v.13:no.7-12  |l 1962  |m A14821531974 
952 f f |p ric  |a Texas A&M University  |b Rellis Campus  |c Joint Library Facility  |d Remote Storage  |t 0  |e ML5 .O66  |h Library of Congress classification  |i unmediated -- volume  |k v.66:no.4-6  |l 2015:Apr.-June  |m A14843309973 
952 f f |p ric  |a Texas A&M University  |b Rellis Campus  |c Joint Library Facility  |d Remote Storage  |t 0  |e ML5 .O66  |h Library of Congress classification  |i unmediated -- volume  |k v.18:no.1-6  |l 1967  |m A14821032263 
952 f f |p ric  |a Texas A&M University  |b Rellis Campus  |c Joint Library Facility  |d Remote Storage  |t 0  |e ML5 .O66  |h Library of Congress classification  |i unmediated -- volume  |k v.55:no.7-12  |l 2004:July-Dec.  |m A14833669791 
952 f f |p ric  |a Texas A&M University  |b Rellis Campus  |c Joint Library Facility  |d Remote Storage  |t 0  |e ML5 .O66  |h Library of Congress classification  |i unmediated -- volume  |k v.55:no.1-6  |l 2004:Jan.-June  |m A14831787771 
952 f f |p ric  |a Texas A&M University  |b Rellis Campus  |c Joint Library Facility  |d Remote Storage  |t 0  |e ML5 .O66  |h Library of Congress classification  |i unmediated -- volume  |k v.49:Index  |l 1998  |m A14827369642 
952 f f |p ric  |a Texas A&M University  |b Rellis Campus  |c Joint Library Facility  |d Remote Storage  |t 0  |e ML5 .O66  |h Library of Congress classification  |i unmediated -- volume  |k v.39:no.7-12  |l 1988  |m A14811845711 
952 f f |p ric  |a Texas A&M University  |b Rellis Campus  |c Joint Library Facility  |d Remote Storage  |t 0  |e ML5 .O66  |h Library of Congress classification  |i unmediated -- volume  |k v.63:no.1-3  |l 2012:Jan.-Mar.  |m A14842047228 
952 f f |p ric  |a Texas A&M University  |b Rellis Campus  |c Joint Library Facility  |d Remote Storage  |t 0  |e ML5 .O66  |h Library of Congress classification  |i unmediated -- volume  |k v.25:no.1-6  |l 1974  |m A14821032920 
952 f f |p ric  |a Texas A&M University  |b Rellis Campus  |c Joint Library Facility  |d Remote Storage  |t 0  |e ML5 .O66  |h Library of Congress classification  |i unmediated -- volume  |k v.49:no.1-6  |l 1998  |m A14823522109 
952 f f |p ric  |a Texas A&M University  |b Rellis Campus  |c Joint Library Facility  |d Remote Storage  |t 0  |e ML5 .O66  |h Library of Congress classification  |i unmediated -- volume  |l 1994:Festival Issue  |m A14818825445 
952 f f |p ric  |a Texas A&M University  |b Rellis Campus  |c Joint Library Facility  |d Remote Storage  |t 0  |e ML5 .O66  |h Library of Congress classification  |i unmediated -- volume  |k Index:v.69  |l 2018  |m A14850934127 
952 f f |p ric  |a Texas A&M University  |b Rellis Campus  |c Joint Library Facility  |d Remote Storage  |t 0  |e ML5 .O66  |h Library of Congress classification  |i unmediated -- volume  |k v.54:no.1-6  |l 2003:Jan-June  |m A14830655701 
952 f f |p ric  |a Texas A&M University  |b Rellis Campus  |c Joint Library Facility  |d Remote Storage  |t 0  |e ML5 .O66  |h Library of Congress classification  |i unmediated -- volume  |k v.48:no.1-6  |l 1997  |m A14821532310 
952 f f |p ric  |a Texas A&M University  |b Rellis Campus  |c Joint Library Facility  |d Remote Storage  |t 0  |e ML5 .O66  |h Library of Congress classification  |i unmediated -- volume  |k v.58:no.4-6  |l 2007:Apr.-June  |m A14836136585 
952 f f |p ric  |a Texas A&M University  |b Rellis Campus  |c Joint Library Facility  |d Remote Storage  |t 0  |e ML5 .O66  |h Library of Congress classification  |i unmediated -- volume  |k v.2:no.7-12  |l 1951  |m A14821238819 
952 f f |p ric  |a Texas A&M University  |b Rellis Campus  |c Joint Library Facility  |d Remote Storage  |t 0  |e ML5 .O66  |h Library of Congress classification  |i unmediated -- volume  |l 1997:Suppl.-Festival Issue  |m A14819761555 
952 f f |p ric  |a Texas A&M University  |b Rellis Campus  |c Joint Library Facility  |d Remote Storage  |t 0  |e ML5 .O66  |h Library of Congress classification  |i unmediated -- volume  |k v.13:no.1-6  |l 1962  |m A14821528230 
952 f f |p ric  |a Texas A&M University  |b Rellis Campus  |c Joint Library Facility  |d Remote Storage  |t 0  |e ML5 .O66  |h Library of Congress classification  |i unmediated -- volume  |k v.33:no.1-6  |l 1982  |m A14821528337 
952 f f |p ric  |a Texas A&M University  |b Rellis Campus  |c Joint Library Facility  |d Remote Storage  |t 0  |e ML5 .O66  |h Library of Congress classification  |i unmediated -- volume  |k v.58:no.1-3  |l 2007:Jan.-Mar.  |m A14836136543 
952 f f |p ric  |a Texas A&M University  |b Rellis Campus  |c Joint Library Facility  |d Remote Storage  |t 0  |e ML5 .O66  |h Library of Congress classification  |i unmediated -- volume  |k v.24:no.1-6  |l 1973  |m A14821033023 
952 f f |p ric  |a Texas A&M University  |b Rellis Campus  |c Joint Library Facility  |d Remote Storage  |t 0  |e ML5 .O66  |h Library of Congress classification  |i unmediated -- volume  |k v.40:no.1-6  |l 1989  |m A14812065283 
952 f f |p ric  |a Texas A&M University  |b Rellis Campus  |c Joint Library Facility  |d Remote Storage  |t 0  |e ML5 .O66  |h Library of Congress classification  |i unmediated -- volume  |k v.44:no.1-6  |l 1993  |m A14817876346 
952 f f |p ric  |a Texas A&M University  |b Rellis Campus  |c Joint Library Facility  |d Remote Storage  |t 0  |e ML5 .O66  |h Library of Congress classification  |i unmediated -- volume  |k v.50:no.1-6  |l 1999:Jan.-June  |m A14825272564 
952 f f |p ric  |a Texas A&M University  |b Rellis Campus  |c Joint Library Facility  |d Remote Storage  |t 0  |e ML5 .O66  |h Library of Congress classification  |i unmediated -- volume  |k v.60:no.10-12  |l 2009:Oct.-Dec.  |m A14839121602 
952 f f |p ric  |a Texas A&M University  |b Rellis Campus  |c Joint Library Facility  |d Remote Storage  |t 0  |e ML5 .O66  |h Library of Congress classification  |i unmediated -- volume  |k v.6:no.1-6  |l 1955  |m A14821528785 
952 f f |p ric  |a Texas A&M University  |b Rellis Campus  |c Joint Library Facility  |d Remote Storage  |t 0  |e ML5 .O66  |h Library of Congress classification  |i unmediated -- volume  |k v.55:Index  |l 2004  |m A14837135540 
952 f f |p ric  |a Texas A&M University  |b Rellis Campus  |c Joint Library Facility  |d Remote Storage  |t 0  |e ML5 .O66  |h Library of Congress classification  |i unmediated -- volume  |k v.19:no.7-12  |l 1968  |m A14821032360 
952 f f |p ric  |a Texas A&M University  |b Rellis Campus  |c Joint Library Facility  |d Remote Storage  |t 0  |e ML5 .O66  |h Library of Congress classification  |i unmediated -- volume  |k v.62:Index  |l 2011  |m A14842469059 
952 f f |p ric  |a Texas A&M University  |b Rellis Campus  |c Joint Library Facility  |d Remote Storage  |t 0  |e ML5 .O66  |h Library of Congress classification  |i unmediated -- volume  |k v.32:no.7-12  |l 1981  |m A14821032378 
952 f f |p ric  |a Texas A&M University  |b Rellis Campus  |c Joint Library Facility  |d Remote Storage  |t 0  |e ML5 .O66  |h Library of Congress classification  |i unmediated -- volume  |k v.56:no.5  |l 2005:May  |m A14832878850 
952 f f |p ric  |a Texas A&M University  |b Rellis Campus  |c Joint Library Facility  |d Remote Storage  |t 0  |e ML5 .O66  |h Library of Congress classification  |i unmediated -- volume  |k v.62:no.4-6  |l 2011:Apr.-June  |m A14841271730 
952 f f |p ric  |a Texas A&M University  |b Rellis Campus  |c Joint Library Facility  |d Remote Storage  |t 0  |e ML5 .O66  |h Library of Congress classification  |i unmediated -- volume  |k v.50:no.7-12  |l 1999:July-Dec.  |m A14826401158 
952 f f |p ric  |a Texas A&M University  |b Rellis Campus  |c Joint Library Facility  |d Remote Storage  |t 0  |e ML5 .O66  |h Library of Congress classification  |i unmediated -- volume  |k v.61:no.1-3  |l 2010:Jan.-Mar.  |m A14839121589 
952 f f |p ric  |a Texas A&M University  |b Rellis Campus  |c Joint Library Facility  |d Remote Storage  |t 0  |e ML5 .O66  |h Library of Congress classification  |i unmediated -- volume  |k v.44:Index  |l 1993  |m A14824969443 
952 f f |p ric  |a Texas A&M University  |b Rellis Campus  |c Joint Library Facility  |d Remote Storage  |t 0  |e ML5 .O66  |h Library of Congress classification  |i unmediated -- volume  |k v.63:no.4-6  |l 2012:Apr.-June  |m A14842047103 
952 f f |p ric  |a Texas A&M University  |b Rellis Campus  |c Joint Library Facility  |d Remote Storage  |t 0  |e ML5 .O66  |h Library of Congress classification  |i unmediated -- volume  |k v.43:no.1-6  |l 1992  |m A14816996062 
952 f f |p ric  |a Texas A&M University  |b Rellis Campus  |c Joint Library Facility  |d Remote Storage  |t 0  |e ML5 .O66  |h Library of Congress classification  |i unmediated -- volume  |k v.27:no.1,3-6  |l 1976:Jan.,Mar.-June  |m A14821033031 
952 f f |p ric  |a Texas A&M University  |b Rellis Campus  |c Joint Library Facility  |d Remote Storage  |t 0  |e ML5 .O66  |h Library of Congress classification  |i unmediated -- volume  |k v.64:no.4-6  |l 2013:Apr.-June  |m A14842047194 
952 f f |p ric  |a Texas A&M University  |b Rellis Campus  |c Joint Library Facility  |d Remote Storage  |t 0  |e ML5 .O66  |h Library of Congress classification  |i unmediated -- volume  |k v.56:Index  |l 2005  |m A14835857934 
952 f f |p ric  |a Texas A&M University  |b Rellis Campus  |c Joint Library Facility  |d Remote Storage  |t 0  |e ML5 .O66  |h Library of Congress classification  |i unmediated -- volume  |k v.70:no.1-3  |l 2019:Jan.-Mar.  |m A14850935074 
952 f f |p ric  |a Texas A&M University  |b Rellis Campus  |c Joint Library Facility  |d Remote Storage  |t 0  |e ML5 .O66  |h Library of Congress classification  |i unmediated -- volume  |k v.63:no.7-9  |l 2012:July-Sept.  |m A14842047210 
952 f f |p ric  |a Texas A&M University  |b Rellis Campus  |c Joint Library Facility  |d Remote Storage  |t 0  |e ML5 .O66  |h Library of Congress classification  |i unmediated -- volume  |k v.46:no.1-6  |l 1995  |m A14819754401 
952 f f |p ric  |a Texas A&M University  |b Rellis Campus  |c Joint Library Facility  |d Remote Storage  |t 0  |e ML5 .O66  |h Library of Congress classification  |i unmediated -- volume  |k v.66:no.1-3  |l 2015:Jan.-Mar.  |m A14843066441 
952 f f |p ric  |a Texas A&M University  |b Rellis Campus  |c Joint Library Facility  |d Remote Storage  |t 0  |e ML5 .O66  |h Library of Congress classification  |i unmediated -- volume  |k v.32:no.1-6  |l 1981  |m A14821032328 
952 f f |p ric  |a Texas A&M University  |b Rellis Campus  |c Joint Library Facility  |d Remote Storage  |t 0  |e ML5 .O66  |h Library of Congress classification  |i unmediated -- volume  |k v.59:no.7-9  |l 2008:July-Sept.  |m A14834770008 
952 f f |p ric  |a Texas A&M University  |b Rellis Campus  |c Joint Library Facility  |d Remote Storage  |t 0  |e ML5 .O66  |h Library of Congress classification  |i unmediated -- volume  |k v.6:no.7-12  |l 1955  |m A14821532069 
952 f f |p ric  |a Texas A&M University  |b Rellis Campus  |c Joint Library Facility  |d Remote Storage  |t 0  |e ML5 .O66  |h Library of Congress classification  |i unmediated -- volume  |k v.58:no.10-12  |l 2007:Oct.-Dec.  |m A14836402619 
952 f f |p ric  |a Texas A&M University  |b Rellis Campus  |c Joint Library Facility  |d Remote Storage  |t 0  |e ML5 .O66  |h Library of Congress classification  |i unmediated -- volume  |k v.54:no.7-9  |l 2003:July-Sept.  |m A14830971270 
952 f f |p ric  |a Texas A&M University  |b Rellis Campus  |c Joint Library Facility  |d Remote Storage  |t 0  |e ML5 .O66  |h Library of Congress classification  |i unmediated -- volume  |k v.71:no.7-9  |l 2020:July-Sept.  |m A14851494600 
952 f f |p ric  |a Texas A&M University  |b Rellis Campus  |c Joint Library Facility  |d Remote Storage  |t 0  |e ML5 .O66  |h Library of Congress classification  |i unmediated -- volume  |k v.58:no.7-9  |l 2007:July-Sept.  |m A14836416189 
952 f f |p ric  |a Texas A&M University  |b Rellis Campus  |c Joint Library Facility  |d Remote Storage  |t 0  |e ML5 .O66  |h Library of Congress classification  |i unmediated -- volume  |k v.24:no.7-12  |l 1973  |m A14821033073 
952 f f |p ric  |a Texas A&M University  |b Rellis Campus  |c Joint Library Facility  |d Remote Storage  |t 0  |e ML5 .O66  |h Library of Congress classification  |i unmediated -- volume  |k v.66:Index  |l 2015  |m A14843525529 
952 f f |p ric  |a Texas A&M University  |b Rellis Campus  |c Joint Library Facility  |d Remote Storage  |t 0  |e ML5 .O66  |h Library of Congress classification  |i unmediated -- volume  |k v.42:no.1-6  |l 1991  |m A14815587111 
952 f f |p ric  |a Texas A&M University  |b Rellis Campus  |c Joint Library Facility  |d Remote Storage  |t 0  |e ML5 .O66  |h Library of Congress classification  |i unmediated -- volume  |k v.70:no.7-9  |l 2019:July-Sept.  |m A14850935116 
952 f f |p ric  |a Texas A&M University  |b Rellis Campus  |c Joint Library Facility  |d Remote Storage  |t 0  |e ML5 .O66  |h Library of Congress classification  |i unmediated -- volume  |k v.54:no.10-12  |l 2003:Oct.-Dec.  |m A14830971319 
952 f f |p ric  |a Texas A&M University  |b Rellis Campus  |c Joint Library Facility  |d Remote Storage  |t 0  |e ML5 .O66  |h Library of Congress classification  |i unmediated -- volume  |k v.46:no.7-12  |l 1995  |m A14819754451 
952 f f |p ric  |a Texas A&M University  |b Rellis Campus  |c Joint Library Facility  |d Remote Storage  |t 0  |e ML5 .O66  |h Library of Congress classification  |i unmediated -- volume  |k v.29:no.7-12  |l 1978  |m A14821032679 
952 f f |p ric  |a Texas A&M University  |b Rellis Campus  |c Joint Library Facility  |d Remote Storage  |t 0  |e ML5 .O66  |h Library of Congress classification  |i unmediated -- volume  |k v.66:no.7-9  |l 2015:July-Sept.  |m A14843309981 
952 f f |p ric  |a Texas A&M University  |b Rellis Campus  |c Joint Library Facility  |d Remote Storage  |t 0  |e ML5 .O66  |h Library of Congress classification  |i unmediated -- volume  |l 1995:Suppl  |m A14820714812 
952 f f |p ric  |a Texas A&M University  |b Rellis Campus  |c Joint Library Facility  |d Remote Storage  |t 0  |e ML5 .O66  |h Library of Congress classification  |i unmediated -- volume  |k v.2:no.1-6  |l 1950  |m A14821524757 
952 f f |p ric  |a Texas A&M University  |b Rellis Campus  |c Joint Library Facility  |d Remote Storage  |t 0  |e ML5 .O66  |h Library of Congress classification  |i unmediated -- volume  |k v.29:no.1-6  |l 1978:Jan.-June  |m A14821032629 
952 f f |p ric  |a Texas A&M University  |b Rellis Campus  |c Joint Library Facility  |d Remote Storage  |t 0  |e ML5 .O66  |h Library of Congress classification  |i unmediated -- volume  |k v.28:no.1-6  |l 1977:Jan.-June  |m A14821032726 
952 f f |p ric  |a Texas A&M University  |b Rellis Campus  |c Joint Library Facility  |d Remote Storage  |t 0  |e ML5 .O66  |h Library of Congress classification  |i unmediated -- volume  |k v.60:no.7-9  |l 2009:July-Sept.  |m A14838977474 
952 f f |p ric  |a Texas A&M University  |b Rellis Campus  |c Joint Library Facility  |d Remote Storage  |t 0  |e ML5 .O66  |h Library of Congress classification  |i unmediated -- volume  |k v.66:no.10-12  |l 2015:Oct.-Dec.  |m A14843525537 
952 f f |p ric  |a Texas A&M University  |b Rellis Campus  |c Joint Library Facility  |d Remote Storage  |t 0  |e ML5 .O66  |h Library of Congress classification  |i unmediated -- volume  |k v.32:Index  |l 1981  |m A14823283098 
952 f f |p ric  |a Texas A&M University  |b Rellis Campus  |c Joint Library Facility  |d Remote Storage  |t 0  |e ML5 .O66  |h Library of Congress classification  |i unmediated -- volume  |k v.14:no.1-6  |l 1963  |m A14821529032 
952 f f |p ric  |a Texas A&M University  |b Rellis Campus  |c Joint Library Facility  |d Remote Storage  |t 0  |e ML5 .O66  |h Library of Congress classification  |i unmediated -- volume  |k v.4:no.1-6  |l 1953  |m A14821528989 
952 f f |p ric  |a Texas A&M University  |b Rellis Campus  |c Joint Library Facility  |d Remote Storage  |t 0  |e ML5 .O66  |h Library of Congress classification  |i unmediated -- volume  |k v.20:no.1-6  |l 1969  |m A14821031144 
952 f f |p ric  |a Texas A&M University  |b Rellis Campus  |c Joint Library Facility  |d Remote Storage  |t 0  |e ML5 .O66  |h Library of Congress classification  |i unmediated -- volume  |k v.61:no.7  |l 2010:July  |m A14841272176 
952 f f |p ric  |a Texas A&M University  |b Rellis Campus  |c Joint Library Facility  |d Remote Storage  |t 0  |e ML5 .O66  |h Library of Congress classification  |i unmediated -- volume  |k v.8:no.7-12  |l 1957  |m A14821532077 
952 f f |p ric  |a Texas A&M University  |b Rellis Campus  |c Joint Library Facility  |d Remote Storage  |t 0  |e ML5 .O66  |h Library of Congress classification  |i unmediated -- volume  |k v.70:no.4-6  |l 2019:Apr.-June  |m A14850935082 
952 f f |p ric  |a Texas A&M University  |b Rellis Campus  |c Joint Library Facility  |d Remote Storage  |t 0  |e ML5 .O66  |h Library of Congress classification  |i unmediated -- volume  |k v.68:no.7-9  |l 2017:July-Sept.  |m A14850387805 
952 f f |p ric  |a Texas A&M University  |b Rellis Campus  |c Joint Library Facility  |d Remote Storage  |t 0  |e ML5 .O66  |h Library of Congress classification  |i unmediated -- volume  |k v.49:no.7-12  |l 1998  |m A14825272213 
952 f f |p ric  |a Texas A&M University  |b Rellis Campus  |c Joint Library Facility  |d Remote Storage  |t 0  |e ML5 .O66  |h Library of Congress classification  |i unmediated -- volume  |k v.40:Index  |l 1989  |m A14812946510 
952 f f |p ric  |a Texas A&M University  |b Rellis Campus  |c Joint Library Facility  |d Remote Storage  |t 0  |e ML5 .O66  |h Library of Congress classification  |i unmediated -- volume  |k v.22:no.1-6  |l 1971  |m A14821032166 
952 f f |p ric  |a Texas A&M University  |b Rellis Campus  |c Joint Library Facility  |d Remote Storage  |t 0  |e ML5 .O66  |h Library of Congress classification  |i unmediated -- volume  |k v.51:no.1-6  |l 2000:Jan.-June  |m A14828168382 
952 f f |p ric  |a Texas A&M University  |b Rellis Campus  |c Joint Library Facility  |d Remote Storage  |t 0  |e ML5 .O66  |h Library of Congress classification  |i unmediated -- volume  |k Supplement  |l 2002:Jan.  |m A14829913162 
952 f f |p ric  |a Texas A&M University  |b Rellis Campus  |c Joint Library Facility  |d Remote Storage  |t 0  |e ML5 .O66  |h Library of Congress classification  |i unmediated -- volume  |k v.33:no.7-12  |l 1982  |m A14821528280 
952 f f |p ric  |a Texas A&M University  |b Rellis Campus  |c Joint Library Facility  |d Remote Storage  |t 0  |e ML5 .O66  |h Library of Congress classification  |i unmediated -- volume  |k v.26:no.1-6  |l 1975  |m A14821032873 
952 f f |p ric  |a Texas A&M University  |b Rellis Campus  |c Joint Library Facility  |d Remote Storage  |t 0  |e ML5 .O66  |h Library of Congress classification  |i unmediated -- volume  |k v.68:no.4-6  |l 2017:Apr.-June  |m A14850115446 
952 f f |p ric  |a Texas A&M University  |b Rellis Campus  |c Joint Library Facility  |d Remote Storage  |t 0  |e ML5 .O66  |h Library of Congress classification  |i unmediated -- volume  |k v.68:no.10-12  |l 2017:Oct.-Dec.  |m A14850387813 
952 f f |p ric  |a Texas A&M University  |b Rellis Campus  |c Joint Library Facility  |d Remote Storage  |t 0  |e ML5 .O66  |h Library of Congress classification  |i unmediated -- volume  |k v.38:no.7-12  |l 1987  |m A14811731297 
952 f f |p ric  |a Texas A&M University  |b Rellis Campus  |c Joint Library Facility  |d Remote Storage  |t 0  |e ML5 .O66  |h Library of Congress classification  |i unmediated -- volume  |k v.62:no.10-12  |l 2011:Oct.-Dec.  |m A14841510508 
952 f f |p ric  |a Texas A&M University  |b Rellis Campus  |c Joint Library Facility  |d Remote Storage  |t 0  |e ML5 .O66  |h Library of Congress classification  |i unmediated -- volume  |k v.12:no.1-6  |l 1961  |m A14821528735 
952 f f |p ric  |a Texas A&M University  |b Rellis Campus  |c Joint Library Facility  |d Remote Storage  |t 0  |e ML5 .O66  |h Library of Congress classification  |i unmediated -- volume  |k v.60:no.4-6  |l 2009:Apr.-June  |m A14838837315 
952 f f |p ric  |a Texas A&M University  |b Rellis Campus  |c Joint Library Facility  |d Remote Storage  |t 0  |e ML5 .O66  |h Library of Congress classification  |i unmediated -- volume  |k v.38:no.1-6  |l 1987  |m A14811713485 
952 f f |p ric  |a Texas A&M University  |b Rellis Campus  |c Joint Library Facility  |d Remote Storage  |t 0  |e ML5 .O66  |h Library of Congress classification  |i unmediated -- volume  |k v.11:no.7-12  |l 1960  |m A14821532035 
952 f f |p ric  |a Texas A&M University  |b Rellis Campus  |c Joint Library Facility  |d Remote Storage  |t 0  |e ML5 .O66  |h Library of Congress classification  |i unmediated -- volume  |k v.53:no.1-6  |l 2002:Jan.-June  |m A14829915156 
952 f f |p ric  |a Texas A&M University  |b Rellis Campus  |c Joint Library Facility  |d Remote Storage  |t 0  |e ML5 .O66  |h Library of Congress classification  |i unmediated -- volume  |k v.30:no.1-6  |l 1979  |m A14821032124 
952 f f |p ric  |a Texas A&M University  |b Rellis Campus  |c Joint Library Facility  |d Remote Storage  |t 0  |e ML5 .O66  |h Library of Congress classification  |i unmediated -- volume  |k v.9:no.7-12  |l 1958  |m A14821532027 
952 f f |p ric  |a Texas A&M University  |b Rellis Campus  |c Joint Library Facility  |d Remote Storage  |t 0  |e ML5 .O66  |h Library of Congress classification  |i unmediated -- volume  |k v.71:no.4-6  |l 2020:Apr.-June  |m A14851490889 
952 f f |p ric  |a Texas A&M University  |b Rellis Campus  |c Joint Library Facility  |d Remote Storage  |t 0  |e ML5 .O66  |h Library of Congress classification  |i unmediated -- volume  |k v.71:no.1-3  |l 2020:Jan.-Mar.  |m A14851474545 
952 f f |p ric  |a Texas A&M University  |b Rellis Campus  |c Joint Library Facility  |d Remote Storage  |t 0  |e ML5 .O66  |h Library of Congress classification  |i unmediated -- volume  |k v.47:no.7-12  |l 1996  |m A14820714139 
952 f f |p ric  |a Texas A&M University  |b Rellis Campus  |c Joint Library Facility  |d Remote Storage  |t 0  |e ML5 .O66  |h Library of Congress classification  |i unmediated -- volume  |k v.21:no.1-6  |l 1970  |m A14821031194 
952 f f |p ric  |a Texas A&M University  |b Rellis Campus  |c Joint Library Facility  |d Remote Storage  |t 0  |e ML5 .O66  |h Library of Congress classification  |i unmediated -- volume  |k v.16:no.1-6  |l 1965  |m A14821528581 
952 f f |p ric  |a Texas A&M University  |b Rellis Campus  |c Joint Library Facility  |d Remote Storage  |t 0  |e ML5 .O66  |h Library of Congress classification  |i unmediated -- volume  |k v.67:no.10-12  |l 2016:Oct.-Dec.  |m A14850119638 
952 f f |p ric  |a Texas A&M University  |b Rellis Campus  |c Joint Library Facility  |d Remote Storage  |t 0  |e ML5 .O66  |h Library of Congress classification  |i unmediated -- volume  |k v.38:Index  |l 1987  |m A14812946463 
952 f f |p ric  |a Texas A&M University  |b Rellis Campus  |c Joint Library Facility  |d Remote Storage  |t 0  |e ML5 .O66  |h Library of Congress classification  |i unmediated -- volume  |k v.56:no.7-12  |l 2005:July-Dec.  |m A14833438679 
952 f f |p ric  |a Texas A&M University  |b Rellis Campus  |c Joint Library Facility  |d Remote Storage  |t 0  |e ML5 .O66  |h Library of Congress classification  |i unmediated -- volume  |k v.11:no.1-6  |l 1960  |m A14821528133 
952 f f |p ric  |a Texas A&M University  |b Rellis Campus  |c Joint Library Facility  |d Remote Storage  |t 0  |e ML5 .O66  |h Library of Congress classification  |i unmediated -- volume  |k v.52:no.7-12  |l 2001:July-Aug.  |m A14829915368 
952 f f |p ric  |a Texas A&M University  |b Rellis Campus  |c Joint Library Facility  |d Remote Storage  |t 0  |e ML5 .O66  |h Library of Congress classification  |i unmediated -- volume  |k v.25:no.7-12  |l 1974  |m A14821032970 
952 f f |p ric  |a Texas A&M University  |b Rellis Campus  |c Joint Library Facility  |d Remote Storage  |t 0  |e ML5 .O66  |h Library of Congress classification  |i unmediated -- volume  |k v.64:no.10-12  |l 2013:Oct.-Dec.  |m A14842469042 
952 f f |p ric  |a Texas A&M University  |b Rellis Campus  |c Joint Library Facility  |d Remote Storage  |t 0  |e ML5 .O66  |h Library of Congress classification  |i unmediated -- volume  |k v.15:no.1-6  |l 1964  |m A14821528484 
952 f f |p ric  |a Texas A&M University  |b Rellis Campus  |c Joint Library Facility  |d Remote Storage  |t 0  |e ML5 .O66  |h Library of Congress classification  |i unmediated -- volume  |k v.17:no.7-12  |l 1966  |m A14821032514 
952 f f |p ric  |a Texas A&M University  |b Rellis Campus  |c Joint Library Facility  |d Remote Storage  |t 0  |e ML5 .O66  |h Library of Congress classification  |i unmediated -- volume  |k v.21:no.7-12  |l 1970  |m A14821031241 
952 f f |p ric  |a Texas A&M University  |b Rellis Campus  |c Joint Library Facility  |d Remote Storage  |t 0  |e ML5 .O66  |h Library of Congress classification  |i unmediated -- volume  |k v.65:no.10-12  |l 2014:Oct.-Dec.  |m A14843066433 
952 f f |p ric  |a Texas A&M University  |b Rellis Campus  |c Joint Library Facility  |d Remote Storage  |t 0  |e ML5 .O66  |h Library of Congress classification  |i unmediated -- volume  |l 1996:Suppl.  |m A14820714765 
952 f f |p ric  |a Texas A&M University  |b Rellis Campus  |c Joint Library Facility  |d Remote Storage  |t 0  |e ML5 .O66  |h Library of Congress classification  |i unmediated -- volume  |k v.65:no.7-9  |l 2014:July-Sept.  |m A14843066425 
952 f f |p ric  |a Texas A&M University  |b Rellis Campus  |c Joint Library Facility  |d Remote Storage  |t 0  |e ML5 .O66  |h Library of Congress classification  |i unmediated -- volume  |k v.10:no.7-12  |l 1959  |m A14821532085 
952 f f |p ric  |a Texas A&M University  |b Rellis Campus  |c Joint Library Facility  |d Remote Storage  |t 0  |e ML5 .O66  |h Library of Congress classification  |i unmediated -- volume  |k v.43:no.7-12  |l 1992  |m A14816996119 
952 f f |p ric  |a Texas A&M University  |b Rellis Campus  |c Joint Library Facility  |d Remote Storage  |t 0  |e ML5 .O66  |h Library of Congress classification  |i unmediated -- volume  |k v.62:no.7-9  |l 2011:July-Sept.  |m A14841510493 
952 f f |p ric  |a Texas A&M University  |b Rellis Campus  |c Joint Library Facility  |d Remote Storage  |t 0  |e ML5 .O66  |h Library of Congress classification  |i unmediated -- volume  |k v.65:Index  |l 2014  |m A14843120198 
952 f f |p ric  |a Texas A&M University  |b Rellis Campus  |c Joint Library Facility  |d Remote Storage  |t 0  |e ML5 .O66  |h Library of Congress classification  |i unmediated -- volume  |k v.47:no.1-6  |l 1996  |m A14820710290 
952 f f |p ric  |a Texas A&M University  |b Rellis Campus  |c Joint Library Facility  |d Remote Storage  |t 0  |e ML5 .O66  |h Library of Congress classification  |i unmediated -- volume  |k v.4:no.7-12  |l 1953  |m A14821532051 
952 f f |p ric  |a Texas A&M University  |b Rellis Campus  |c Joint Library Facility  |d Remote Storage  |t 0  |e ML5 .O66  |h Library of Congress classification  |i unmediated -- volume  |k Index:v.70  |l 2019  |m A14851486093 
952 f f |p ric  |a Texas A&M University  |b Rellis Campus  |c Joint Library Facility  |d Remote Storage  |t 0  |e ML5 .O66  |h Library of Congress classification  |i unmediated -- volume  |k v.61:no.8-12  |l 2010:Aug.-Dec.  |m A14839664147 
952 f f |p ric  |a Texas A&M University  |b Rellis Campus  |c Joint Library Facility  |d Remote Storage  |t 0  |e ML5 .O66  |h Library of Congress classification  |i unmediated -- volume  |k v.61:no.4-6  |l 2010:Apr.-June  |m A14839121555 
952 f f |p ric  |a Texas A&M University  |b Rellis Campus  |c Joint Library Facility  |d Remote Storage  |t 0  |e ML5 .O66  |h Library of Congress classification  |i unmediated -- volume  |k v.53:no.7-12  |l 2002:July-Dec.  |m A14829915198 
952 f f |p ric  |a Texas A&M University  |b Rellis Campus  |c Joint Library Facility  |d Remote Storage  |t 0  |e ML5 .O66  |h Library of Congress classification  |i unmediated -- volume  |k v.5:no.1-6  |l 1954  |m A14821528939 
952 f f |p ric  |a Texas A&M University  |b Rellis Campus  |c Joint Library Facility  |d Remote Storage  |t 0  |e ML5 .O66  |h Library of Congress classification  |i unmediated -- volume  |k v.64:no.7-9  |l 2013:July-Sept.  |m A14842047202 
952 f f |p ric  |a Texas A&M University  |b Rellis Campus  |c Joint Library Facility  |d Remote Storage  |t 0  |e ML5 .O66  |h Library of Congress classification  |i unmediated -- volume  |k v.70:no.10-12  |l 2019:Oct.-Dec.  |m A14851464363 
952 f f |p ric  |a Texas A&M University  |b Rellis Campus  |c Joint Library Facility  |d Remote Storage  |t 0  |e ML5 .O66  |h Library of Congress classification  |i unmediated -- volume  |k v.19:no.1-6  |l 1968  |m A14821032310 
952 f f |p ric  |a Texas A&M University  |b Rellis Campus  |c Joint Library Facility  |d Remote Storage  |t 0  |e ML5 .O66  |h Library of Congress classification  |i unmediated -- volume  |k v.8:no.1-6  |l 1957  |m A14821528882 
952 f f |p ric  |a Texas A&M University  |b Rellis Campus  |c Joint Library Facility  |d Remote Storage  |t 0  |e ML5 .O66  |h Library of Congress classification  |i unmediated -- volume  |k v.64:no.1-3  |l 2013:Jan.-Mar.  |m A14842047186 
952 f f |p ric  |a Texas A&M University  |b Rellis Campus  |c Joint Library Facility  |d Remote Storage  |t 0  |e ML5 .O66  |h Library of Congress classification  |i unmediated -- volume  |k Supplement  |l 1950/2000  |m A14828564910 
952 f f |p ric  |a Texas A&M University  |b Rellis Campus  |c Joint Library Facility  |d Remote Storage  |t 0  |e ML5 .O66  |h Library of Congress classification  |i unmediated -- volume  |k v.57:no.1-6  |l 2006:Jan.-June  |m A14834629891 
952 f f |p ric  |a Texas A&M University  |b Rellis Campus  |c Joint Library Facility  |d Remote Storage  |t 0  |e ML5 .O66  |h Library of Congress classification  |i unmediated -- volume  |k v.39:no.1-5  |l 1988:Jan.-May  |m A14833450388 
952 f f |p ric  |a Texas A&M University  |b Rellis Campus  |c Joint Library Facility  |d Remote Storage  |t 0  |e ML5 .O66  |h Library of Congress classification  |i unmediated -- volume  |k v.62:no.1-3  |l 2011:Jan.-Mar.  |m A14841271756 
952 f f |p ric  |a Texas A&M University  |b Rellis Campus  |c Joint Library Facility  |d Remote Storage  |t 0  |e ML5 .O66  |h Library of Congress classification  |i unmediated -- volume  |k Supplements  |l 2010-2011  |m A14841271748 
952 f f |p ric  |a Texas A&M University  |b Rellis Campus  |c Joint Library Facility  |d Remote Storage  |t 0  |e ML5 .O66  |h Library of Congress classification  |i unmediated -- volume  |k v.12:no.7-12  |l 1961  |m A14821531966 
952 f f |p ric  |a Texas A&M University  |b Rellis Campus  |c Joint Library Facility  |d Remote Storage  |t 0  |e ML5 .O66  |h Library of Congress classification  |i unmediated -- volume  |k v.69:no.4-6  |l 2018:Apr.-June  |m A14850387839 
952 f f |p ric  |a Texas A&M University  |b Rellis Campus  |c Joint Library Facility  |d Remote Storage  |t 0  |e ML5 .O66  |h Library of Congress classification  |i unmediated -- volume  |k v.10:no.1-6  |l 1959  |m A14821528492 
952 f f |p ric  |a Texas A&M University  |b Rellis Campus  |c Joint Library Facility  |d Remote Storage  |t 0  |e ML5 .O66  |h Library of Congress classification  |i unmediated -- volume  |k v.65:no.4-6  |l 2014:Apr.-June  |m A14842469026 
952 f f |p ric  |a Texas A&M University  |b Rellis Campus  |c Joint Library Facility  |d Remote Storage  |t 0  |e ML5 .O66  |h Library of Congress classification  |i unmediated -- volume  |k v.3:no.1-6  |l 1952  |m A14821238916 
952 f f |p ric  |a Texas A&M University  |b Rellis Campus  |c Joint Library Facility  |d Remote Storage  |t 0  |e ML5 .O66  |h Library of Congress classification  |i unmediated -- volume  |k v.20:no.7-12  |l 1969  |m A14821031097 
952 f f |p ric  |a Texas A&M University  |b Rellis Campus  |c Joint Library Facility  |d Remote Storage  |t 0  |e ML5 .O66  |h Library of Congress classification  |i unmediated -- volume  |k v.28:Index  |l 1977  |m A14852081893 
952 f f |p ric  |a Texas A&M University  |b Rellis Campus  |c Joint Library Facility  |d Remote Storage  |t 0  |e ML5 .O66  |h Library of Congress classification  |i unmediated -- volume  |k v.45:no.7-12  |l 1994  |m A14818842049 
952 f f |p ric  |a Texas A&M University  |b Rellis Campus  |c Joint Library Facility  |d Remote Storage  |t 0  |e ML5 .O66  |h Library of Congress classification  |i unmediated -- volume  |k v.69:no.10-12  |l 2018:Oct.-Dec.  |m A14850406381 
952 f f |p ric  |a Texas A&M University  |b Rellis Campus  |c Joint Library Facility  |d Remote Storage  |t 0  |e ML5 .O66  |h Library of Congress classification  |i unmediated -- volume  |k v.45:no.1-6  |l 1994  |m A14818841548 
952 f f |p ric  |a Texas A&M University  |b Rellis Campus  |c Joint Library Facility  |d Remote Storage  |t 0  |e ML5 .O66  |h Library of Congress classification  |i unmediated -- volume  |k v.60:no.1-3  |l 2009:Jan.-Mar.  |m A14833688004 
952 f f |p ric  |a Texas A&M University  |b Rellis Campus  |c Joint Library Facility  |d Remote Storage  |t 0  |e ML5 .O66  |h Library of Congress classification  |i unmediated -- volume  |k v.71:no.10-12  |l 2020:Oct.-Dec.  |m A14851500562 
952 f f |p ric  |a Texas A&M University  |b Rellis Campus  |c Joint Library Facility  |d Remote Storage  |t 0  |e ML5 .O66  |h Library of Congress classification  |i unmediated -- volume  |k v.5:no.7-12  |l 1954  |m A14821531568 
952 f f |p ric  |a Texas A&M University  |b Rellis Campus  |c Joint Library Facility  |d Remote Storage  |t 0  |e ML5 .O66  |h Library of Congress classification  |i unmediated -- volume  |k v.30:no.7-12  |l 1979  |m A14821032174 
952 f f |p ric  |a Texas A&M University  |b Rellis Campus  |c Joint Library Facility  |d Remote Storage  |t 0  |e ML5 .O66  |h Library of Congress classification  |i unmediated -- volume  |k v.48:no.7-12  |l 1997  |m A14821532289 
952 f f |p ric  |a Texas A&M University  |b Rellis Campus  |c Joint Library Facility  |d Remote Storage  |t 0  |e ML5 .O66  |h Library of Congress classification  |i unmediated -- volume  |k v.28:no.7-12  |l 1977:July-Dec.  |m A14821032776 
952 f f |p ric  |a Texas A&M University  |b Rellis Campus  |c Joint Library Facility  |d Remote Storage  |t 0  |e ML5 .O66  |h Library of Congress classification  |i unmediated -- volume  |k v.9:no.1-6  |l 1958  |m A14821529082 
952 f f |p ric  |a Texas A&M University  |b Rellis Campus  |c Joint Library Facility  |d Remote Storage  |t 0  |e ML5 .O66  |h Library of Congress classification  |i unmediated -- volume  |k v.51:no.7-12  |l 2001:July-Dec.  |m A14828168421 
952 f f |p ric  |a Texas A&M University  |b Rellis Campus  |c Joint Library Facility  |d Remote Storage  |t 0  |e ML5 .O66  |h Library of Congress classification  |i unmediated -- volume  |k v.18:no.7-12  |l 1967  |m A14821032564 
952 f f |p ric  |a Texas A&M University  |b Rellis Campus  |c Joint Library Facility  |d Remote Storage  |t 0  |e ML5 .O66  |h Library of Congress classification  |i unmediated -- volume  |k v.56:no.1-4  |l 2005:Jan.-Apr.  |m A14832862354 
952 f f |p ric  |a Texas A&M University  |b Rellis Campus  |c Joint Library Facility  |d Remote Storage  |t 0  |e ML5 .O66  |h Library of Congress classification  |i unmediated -- volume  |k v.15:no.7-12  |l 1964  |m A14821528531 
952 f f |p ric  |a Texas A&M University  |b Rellis Campus  |c Joint Library Facility  |d Remote Storage  |t 0  |e ML5 .O66  |h Library of Congress classification  |i unmediated -- volume  |k v.52:no.1-6  |l 2001:Jan.-June  |m A14828168463 
952 f f |p ric  |a Texas A&M University  |b Rellis Campus  |c Joint Library Facility  |d Remote Storage  |t 0  |e ML5 .O66  |h Library of Congress classification  |i unmediated -- volume  |k v.42:no.7-12  |l 1991  |m A14815587161 
952 f f |p ric  |a Texas A&M University  |b Rellis Campus  |c Joint Library Facility  |d Remote Storage  |t 0  |e ML5 .O66  |h Library of Congress classification  |i unmediated -- volume  |k v.59:no.1-6  |l 2008:Jan.-June  |m A14837295471 
952 f f |p ric  |a Texas A&M University  |b Rellis Campus  |c Joint Library Facility  |d Remote Storage  |t 0  |e ML5 .O66  |h Library of Congress classification  |i unmediated -- volume  |k v.63:no.10-12  |l 2012:Oct.-Dec.  |m A14842047178 
952 f f |p ric  |a Texas A&M University  |b Rellis Campus  |c Joint Library Facility  |d Remote Storage  |t 0  |e ML5 .O66  |h Library of Congress classification  |i unmediated -- volume  |k v.14:no.7-12  |l 1963  |m A14821531615 
952 f f |p ric  |a Texas A&M University  |b Rellis Campus  |c Joint Library Facility  |d Remote Storage  |t 0  |e ML5 .O66  |h Library of Congress classification  |i unmediated -- volume  |k v.7:no.7-12  |l 1956  |m A14821532019 
952 f f |p ric  |a Texas A&M University  |b Rellis Campus  |c Joint Library Facility  |d Remote Storage  |t 0  |e ML5 .O66  |h Library of Congress classification  |i unmediated -- volume  |k v.23:no.1-6  |l 1972  |m A14821032718 
952 f f |p ric  |a Texas A&M University  |b Rellis Campus  |c Joint Library Facility  |d Remote Storage  |t 0  |e ML5 .O66  |h Library of Congress classification  |i unmediated -- volume  |k v.7:no.1-6  |l 1956  |m A14821528183 
952 f f |p ric  |a Texas A&M University  |b Rellis Campus  |c Joint Library Facility  |d Remote Storage  |t 0  |e ML5 .O66  |h Library of Congress classification  |i unmediated -- volume  |k v.65:no.1-3  |l 2014:Jan.-Mar.  |m A14842469034 
952 f f |p ric  |a Texas A&M University  |b Rellis Campus  |c Joint Library Facility  |d Remote Storage  |t 0  |e ML5 .O66  |h Library of Congress classification  |i unmediated -- volume  |k v.41:no.1-6  |l 1990  |m A14812945360 
952 f f |p ric  |a Texas A&M University  |b Rellis Campus  |c Joint Library Facility  |d Remote Storage  |t 0  |e ML5 .O66  |h Library of Congress classification  |i unmediated -- volume  |k v.67:no.7-9  |l 2016:July-Sept.  |m A14850089088 
952 f f |p ric  |a Texas A&M University  |b Rellis Campus  |c Joint Library Facility  |d Remote Storage  |t 0  |e ML5 .O66  |h Library of Congress classification  |i unmediated -- volume  |k v.17:no.1-2  |l 1966  |m A14821032467 
952 f f |p ric  |a Texas A&M University  |b Rellis Campus  |c Joint Library Facility  |d Remote Storage  |t 0  |e ML5 .O66  |h Library of Congress classification  |i unmediated -- volume  |k v.56:no.6  |l 2005:June  |m A14832870585 
952 f f |p ric  |a Texas A&M University  |b Rellis Campus  |c Joint Library Facility  |d Remote Storage  |t 0  |e ML5 .O66  |h Library of Congress classification  |i unmediated -- volume  |k v.31:no.1-6  |l 1980  |m A14821032221 
952 f f |p ric  |a Texas A&M University  |b Rellis Campus  |c Joint Library Facility  |d Remote Storage  |t 0  |e ML5 .O66  |h Library of Congress classification  |i unmediated -- volume  |k v.68:no.1-3  |l 2017:Jan.-Mar.  |m A14850115438 
952 f f |p ric  |a Texas A&M University  |b Rellis Campus  |c Joint Library Facility  |d Remote Storage  |t 0  |e ML5 .O66  |h Library of Congress classification  |i unmediated -- volume  |k v.41:no.7-12  |l 1990  |m A14812946366 
952 f f |p ric  |a Texas A&M University  |b Rellis Campus  |c Joint Library Facility  |d Remote Storage  |t 0  |e ML5 .O66  |h Library of Congress classification  |i unmediated -- volume  |k v.26:no.7-12  |l 1975  |m A14821032823 
952 f f |p ric  |a Texas A&M University  |b Rellis Campus  |c Joint Library Facility  |d Remote Storage  |t 0  |e ML5 .O66  |h Library of Congress classification  |i unmediated -- volume  |k v.40:no.7-12  |l 1989  |m A14812071373 
952 f f |p ric  |a Texas A&M University  |b Rellis Campus  |c Joint Library Facility  |d Remote Storage  |t 0  |e ML5 .O66  |h Library of Congress classification  |i unmediated -- volume  |k v.54:Index  |l 2003  |m A14837135508 
952 f f |p ric  |a Texas A&M University  |b Rellis Campus  |c Joint Library Facility  |d Remote Storage  |t 0  |e ML5 .O66  |h Library of Congress classification  |i unmediated -- volume  |k v.67:no.1-3  |l 2016:Jan.-Mar.  |m A14843525511 
952 f f |p ric  |a Texas A&M University  |b Rellis Campus  |c Joint Library Facility  |d Remote Storage  |t 0  |e ML5 .O66  |h Library of Congress classification  |i unmediated -- volume  |k v.34:no.1-6  |l 1983  |m A14821528387 
952 f f |p ric  |a Texas A&M University  |b Rellis Campus  |c Joint Library Facility  |d Remote Storage  |t 0  |e ML5 .O66  |h Library of Congress classification  |i unmediated -- volume  |k v.27:no.7-12  |l 1976  |m A14821033081 
952 f f |p ric  |a Texas A&M University  |b Rellis Campus  |c Joint Library Facility  |d Remote Storage  |t 0  |e ML5 .O66  |h Library of Congress classification  |i unmediated -- volume  |k v.31:no.7-12  |l 1980  |m A14821032271 
952 f f |p ric  |a Texas A&M University  |b Rellis Campus  |c Joint Library Facility  |d Remote Storage  |t 0  |e ML5 .O66  |h Library of Congress classification  |i unmediated -- volume  |k v.34:no.7-12  |l 1983  |m A14821528434 
952 f f |p ric  |a Texas A&M University  |b Rellis Campus  |c Joint Library Facility  |d Remote Storage  |t 0  |e ML5 .O66  |h Library of Congress classification  |i unmediated -- volume  |k v.23:no.7-12  |l 1972  |m A14821032116 
952 f f |p ric  |a Texas A&M University  |b Rellis Campus  |c Joint Library Facility  |d Remote Storage  |t 0  |e ML5 .O66  |h Library of Congress classification  |i unmediated -- volume  |k v.69:no.7-9  |l 2018:July-Sept.  |m A14850406399 
952 f f |p ric  |a Texas A&M University  |b Rellis Campus  |c Joint Library Facility  |d Remote Storage  |t 0  |e ML5 .O66  |h Library of Congress classification  |i unmediated -- volume  |k v.57:no.7-12  |l 2006:July-Dec.  |m A14835091114 
952 f f |p ric  |a Texas A&M University  |b Rellis Campus  |c Joint Library Facility  |d Remote Storage  |t 0  |e ML5 .O66  |h Library of Congress classification  |i unmediated -- volume  |k v.44:no.7-12  |l 1993  |m A14817866286 
952 f f |p ric  |a Texas A&M University  |b Rellis Campus  |c Joint Library Facility  |d Remote Storage  |t 0  |e ML5 .O66  |h Library of Congress classification  |i unmediated -- volume  |k v.3:no.7-12  |l 1952  |m A14821238869 
952 f f |p ric  |a Texas A&M University  |b Rellis Campus  |c Joint Library Facility  |d Remote Storage  |t 0  |e ML5 .O66  |h Library of Congress classification  |i unmediated -- volume  |k v.67:no.4-6  |l 2016:Apr.-June  |m A14843525503 
952 f f |p ric  |a Texas A&M University  |b Rellis Campus  |c Joint Library Facility  |d Remote Storage  |t 0  |e ML5 .O66  |h Library of Congress classification  |i unmediated -- volume  |k v.1  |l 1950  |m A14821524804 
952 f f |p ric  |a Texas A&M University  |b Rellis Campus  |c Joint Library Facility  |d Remote Storage  |t 0  |e ML5 .O66  |h Library of Congress classification  |i unmediated -- volume  |k v.16:no.7-12  |l 1965  |m A14821528638 
952 f f |p ric  |a Texas A&M University  |b Rellis Campus  |c Joint Library Facility  |d Remote Storage  |t 0  |e ML5 .O66  |h Library of Congress classification  |i unmediated -- volume  |k v.59:no.10-12  |l 2008:Oct.-Dec.  |m A14834773381 
952 f f |p ric  |a Texas A&M University  |b Rellis Campus  |c Joint Library Facility  |d Remote Storage  |t 0  |e ML5 .O66  |h Library of Congress classification  |i unmediated -- volume  |k v.69:no.1-3  |l 2018:Jan.-Mar.  |m A14850387821 
998 f f |a ML5 .O66  |s v.40-71 (1989-2020)  |t 0  |l Remote Storage